[Event "I Memorial Victorio Riego Prieto"]
[Site "?"]
[Date "2011.01.09"]
[Round "5.1"]
[White "Brito, Luismar"]
[Black "Villalba, Marcelo"]
[Result "1/2-1/2"]
[WhiteElo "2319"]
[BlackElo "2149"]
[PlyCount "30"]
[EventDate "2011.01.05"]
[SourceDate "2011.01.05"]

1. e4 c5 2. Nf3 d6 3. d4 cxd4 4. Qxd4 Nc6 5. Bb5 Bd7 6. Bxc6 Bxc6 7. c4 f5 8.
Nc3 e5 9. Qd3 fxe4 10. Nxe4 Nf6 11. Nfd2 d5 12. cxd5 Qxd5 13. Qxd5 Bxd5 14. f3
Rc8 15. Nc3 Bb4 1/2-1/2

[Event "I Memorial Victorio Riego Prieto"]
[Site "?"]
[Date "2011.01.09"]
[Round "5.2"]
[White "Larrea, Manuel"]
[Black "Spata, German"]
[Result "1-0"]
[WhiteElo "2311"]
[BlackElo "2330"]
[PlyCount "108"]
[EventDate "2011.01.05"]
[SourceDate "2011.01.05"]

1. e4 c6 2. d4 d5 3. exd5 cxd5 4. c4 Nf6 5. Nc3 e6 6. cxd5 Nxd5 7. Bd3 Nc6 8.
Nf3 Be7 9. O-O O-O 10. a3 Bf6 11. Bc2 Nxc3 12. bxc3 b6 13. Qd3 g6 14. Bh6 Bg7
15. Bxg7 Kxg7 16. c4 Ba6 17. Rac1 Qf6 18. Ba4 Rac8 19. Bxc6 Rxc6 20. Ne5 Rc7
21. f4 Rd8 22. g4 Bb7 23. Rce1 Kg8 24. Re3 Rd6 25. f5 Qd8 26. fxg6 hxg6 27. Rd1
Qg5 28. h3 Ba6 29. Rf3 Bb7 30. Rf2 Rd8 31. Qg3 Rdc8 32. Rdf1 Rxc4 33. Rxf7 Rc1
34. Qd3 Rxf1+ 35. Rxf1 Ba6 36. Qf3 Qe7 37. Qf7+ Qxf7 38. Rxf7 g5 39. Rxa7 Rc1+
40. Kf2 Rc2+ 41. Ke1 Bb5 42. Nf3 Re2+ 43. Kd1 Re4 44. Kd2 Re2+ 45. Kc1 Bc4 46.
Nxg5 Bd5 47. h4 Rg2 48. Nh7 Rh2 49. h5 Bf3 50. Nf6+ Kf8 51. Rh7 Rg2 52. h6 Bxg4
53. Rg7 Bf3 54. Nd7+ Ke8 1-0

[Event "I Memorial Victorio Riego Prieto"]
[Site "?"]
[Date "2011.01.08"]
[Round "5.3"]
[White "Latorre, Manuel"]
[Black "Della Morte, German"]
[Result "1-0"]
[WhiteElo "2296"]
[BlackElo "2345"]
[PlyCount "121"]
[EventDate "2011.01.05"]
[SourceDate "2011.01.05"]

1. d4 Nf6 2. c4 g6 3. Nc3 Bg7 4. e4 d6 5. f3 O-O 6. Be3 Nc6 7. Nge2 a6 8. Qd2
Rb8 9. Rc1 e6 10. g3 Bd7 11. Nd1 b5 12. c5 Qe7 13. Nf2 Rfd8 14. cxd6 cxd6 15.
Bg2 b4 16. O-O a5 17. Bg5 Rb5 18. f4 e5 19. fxe5 dxe5 20. d5 Nb8 21. Rc4 Na6
22. Nc1 Qd6 23. Ncd3 Rbb8 24. Rfc1 Rdc8 25. b3 Ne8 26. R1c2 Nec7 27. Rc1 Nb5
28. Nb2 Nac7 29. Na4 Nd4 30. Be3 Ncb5 31. Nd3 Re8 32. Ndb2 Bg4 33. Kh1 f5 34.
Nc5 Na3 35. Rxd4 exd4 36. Bf4 Be5 37. Bxe5 Rxe5 38. Nbd3 Rxe4 39. Nxe4 fxe4 40.
Bxe4 Re8 41. Qg2 Nb5 42. Rc6 Qf8 43. Nf2 Rxe4 44. Nxe4 Qf3 45. Nf6+ Kf7 46. Kg1
Qxg2+ 47. Kxg2 Bf5 48. Nxh7 Be4+ 49. Kf2 Bxd5 50. Rc5 Nc3 51. Rxa5 Ke6 52. Ke1
Ke5 53. Kd2 Ne4+ 54. Ke2 Kd6 55. Kd3 Ke5 56. Nf8 Nf2+ 57. Ke2 Ng4 58. Nxg6+ Ke4
59. Nf4 Bf7 60. Nd3 Bd5 61. Nxb4 1-0

[Event "I Memorial Victorio Riego Prieto"]
[Site "?"]
[Date "2011.01.09"]
[Round "5.4"]
[White "Kropff, Ricardo"]
[Black "Vazquez, Guillermo"]
[Result "1/2-1/2"]
[WhiteElo "2294"]
[BlackElo "2168"]
[PlyCount "81"]
[EventDate "2011.01.05"]
[SourceDate "2011.01.05"]

1. d4 Nf6 2. c4 g6 3. Nc3 Bg7 4. e4 d6 5. Nf3 O-O 6. Be2 c5 7. O-O cxd4 8. Nxd4
Nc6 9. Be3 Bd7 10. f3 Nxd4 11. Bxd4 Bc6 12. Qd2 Qa5 13. Rfc1 Rfc8 14. Rab1 a6
15. b4 Qd8 16. Nd5 Bxd5 17. exd5 a5 18. a3 axb4 19. axb4 Qd7 20. Qb2 Qf5 21.
Rd1 h5 22. c5 h4 23. Qb3 dxc5 24. bxc5 Nxd5 25. Bxg7 Nf4 26. Qb2 Nxe2+ 27. Qxe2
Kxg7 28. Qxe7 Rxc5 29. Qxh4 Ra2 30. Qd4+ Kh7 31. Qh4+ Kg7 32. Qd4+ Qe5 33.
Qxe5+ Rxe5 34. Rxb7 Ree2 35. Kh1 Rxg2 36. Rdd7 Rxh2+ 37. Kg1 Rhc2 38. Rxf7+ Kh6
39. Rb1 Kg5 40. f4+ Kg4 41. Rf6 1/2-1/2

[Event "I Memorial Victorio Riego Prieto"]
[Site "?"]
[Date "2011.01.09"]
[Round "5.5"]
[White "Guimaraes, Wagner Peixoto"]
[Black "Catelli, Hernan"]
[Result "0-1"]
[WhiteElo "2289"]
[BlackElo "2212"]
[PlyCount "106"]
[EventDate "2011.01.05"]
[SourceDate "2011.01.05"]

1. e4 e6 2. d4 d5 3. Nc3 Nf6 4. exd5 exd5 5. Bd3 Nc6 6. Nge2 Nb4 7. O-O Be7 8.
Ng3 Nxd3 9. Qxd3 c6 10. Nf5 Bxf5 11. Qxf5 Qd7 12. Qxd7+ Kxd7 13. Bf4 Nh5 14.
Bd2 f5 15. h3 Bd6 16. Rae1 Rhg8 17. g4 fxg4 18. hxg4 Nf6 19. f3 g6 20. Kg2 h5
21. Bg5 Raf8 22. Bxf6 Rxf6 23. Rh1 Rg7 24. Ne2 hxg4 25. fxg4 Re7 26. Ng3 Rf4
27. Rxe7+ Bxe7 28. Ne2 Rxg4+ 29. Kf3 Re4 30. Rh7 g5 31. Rg7 Ke6 32. Ng3 Rf4+
33. Kg2 Bf6 34. Rxb7 Bxd4 35. c3 Bb6 36. Rg7 Rf2+ 37. Kh3 Rxb2 38. Rg6+ Kd7 39.
Rxg5 Rc2 40. Rg6 Rxc3 41. Kg4 Rc2 42. a4 Rc4+ 43. Kf5 Rxa4 44. Nh5 Bd4 45. Nf4
Rc4 46. Ne6 a5 47. Rg8 a4 48. Ra8 Bb2 49. Rxa4 Rxa4 50. Nc5+ Kd6 51. Nxa4 Bd4
52. Kf4 c5 53. Nb6 c4 0-1

[Event "I Memorial Victorio Riego Prieto"]
[Site "?"]
[Date "2011.01.09"]
[Round "5.6"]
[White "Peralta, Eduardo"]
[Black "Valiente, Cristobal"]
[Result "1/2-1/2"]
[WhiteElo "2270"]
[BlackElo "2257"]
[PlyCount "26"]
[EventDate "2011.01.05"]
[SourceDate "2011.01.05"]

1. d4 Nf6 2. Nf3 d5 3. Bg5 e6 4. Nbd2 Be7 5. e3 b6 6. c3 c5 7. Bd3 O-O 8. O-O
Ba6 9. Bxa6 Nxa6 10. Ne5 Nb8 11. a4 Nfd7 12. Bxe7 Qxe7 13. a5 Nxe5 1/2-1/2

[Event "I Memorial Victorio Riego Prieto"]
[Site "?"]
[Date "2011.01.10"]
[Round "6.1"]
[White "Villalba, Marcelo"]
[Black "Valiente, Cristobal"]
[Result "1/2-1/2"]
[WhiteElo "2149"]
[BlackElo "2257"]
[PlyCount "37"]
[EventDate "2011.01.05"]
[SourceDate "2011.01.05"]

1. e4 Nf6 2. Nc3 e5 3. g3 Nc6 4. Bg2 Bc5 5. Nge2 d6 6. O-O Be6 7. Nd5 Bxd5 8.
exd5 Ne7 9. c4 Qd7 10. d4 exd4 11. Nxd4 h6 12. b3 O-O 13. Bb2 Ng6 14. Qd2 a5
15. a3 Rfe8 16. Rfe1 Bb6 17. h3 Rxe1+ 18. Rxe1 Re8 19. Rxe8+ 1/2-1/2

[Event "I Memorial Victorio Riego Prieto"]
[Site "?"]
[Date "2011.01.10"]
[Round "6.2"]
[White "Catelli, Hernan"]
[Black "Peralta, Eduardo"]
[Result "0-1"]
[WhiteElo "2212"]
[BlackElo "2270"]
[PlyCount "80"]
[EventDate "2011.01.05"]
[SourceDate "2011.01.05"]

1. Nf3 Nf6 2. g3 g6 3. Bg2 Bg7 4. O-O O-O 5. c4 d6 6. Nc3 Nc6 7. d4 Bf5 8. d5
Na5 9. Nd2 c5 10. e4 Bg4 11. f3 Bd7 12. Qc2 a6 13. a4 e6 14. b3 exd5 15. cxd5
b5 16. axb5 axb5 17. Bb2 Re8 18. Nd1 Rc8 19. Ne3 c4 20. bxc4 Qb6 21. Rfe1 Nxc4
22. Ndxc4 Rxc4 23. Qd2 Nxd5 24. Bxg7 Nxe3 25. Qxe3 Qxe3+ 26. Rxe3 Kxg7 27. Rd3
Rb8 28. Rxd6 Be6 29. Rd2 b4 30. Rb1 b3 31. Kf2 Rc3 32. Bf1 Ra8 33. Ke2 Ra2 34.
Ke1 Rcc2 35. Rxc2 Rxc2 36. Kd1 Kf6 37. f4 Ke7 38. Rc1 Ra2 39. Bc4 Bxc4 40. Rxc4
Ra1+ 0-1

[Event "I Memorial Victorio Riego Prieto"]
[Site "?"]
[Date "2011.01.09"]
[Round "6.3"]
[White "Vazquez, Guillermo"]
[Black "Guimaraes, Wagner Peixoto"]
[Result "1-0"]
[WhiteElo "2168"]
[BlackElo "2289"]
[PlyCount "89"]
[EventDate "2011.01.05"]
[SourceDate "2011.01.05"]

1. Nf3 e6 2. d4 d5 3. c4 dxc4 4. e3 a6 5. a4 Nf6 6. Bxc4 c5 7. O-O Nc6 8. Qe2
cxd4 9. Rd1 Be7 10. exd4 O-O 11. Nc3 Nb4 12. Bg5 b6 13. d5 Qc7 14. dxe6 Bxe6
15. Bxe6 fxe6 16. Qxe6+ Kh8 17. Ne5 Bc5 18. Bf4 Qb7 19. Qh3 Rfe8 20. Rd2 Qc8
21. Qxc8 Rexc8 22. Rad1 Re8 23. g4 Kg8 24. Kg2 Rac8 25. h3 Bf8 26. Nd7 Nxd7 27.
Rxd7 Rc4 28. Bd6 Nc6 29. Bxf8 Rxf8 30. Rc7 Ne5 31. Rxc4 Nxc4 32. b3 Na5 33. b4
Nc6 34. b5 axb5 35. axb5 Ne5 36. Rd6 Rc8 37. Na4 Rc4 38. Nxb6 Rb4 39. Rd5 Ng6
40. Kg3 Nf4 41. Rd8+ Kf7 42. Nd5 Rd4 43. b6 g5 44. b7 Rd3+ 45. f3 1-0

[Event "I Memorial Victorio Riego Prieto"]
[Site "?"]
[Date "2011.01.09"]
[Round "6.4"]
[White "Della Morte, German"]
[Black "Kropff, Ricardo"]
[Result "1-0"]
[WhiteElo "2345"]
[BlackElo "2294"]
[PlyCount "75"]
[EventDate "2011.01.05"]
[SourceDate "2011.01.05"]

1. e4 c5 2. Nf3 d6 3. d4 cxd4 4. Nxd4 Nf6 5. Nc3 a6 6. h3 e6 7. g4 b5 8. Bg2
Bb7 9. O-O Qc7 10. Re1 Be7 11. f4 O-O 12. g5 Nfd7 13. f5 b4 14. Nce2 Nc5 15.
Ng3 Re8 16. a3 a5 17. Qg4 Nc6 18. Nxc6 Bxc6 19. f6 Bf8 20. Nh5 g6 21. Nf4 Qb7
22. Nd3 d5 23. exd5 Bxd5 24. Ne5 Rad8 25. axb4 axb4 26. Be3 Bxg2 27. Qxg2 Rd5
28. Ng4 Red8 29. h4 Qc7 30. Qh3 e5 31. h5 e4 32. hxg6 hxg6 33. Kg2 Rd2+ 34. Nf2
Qe5 35. Rh1 Rxf2+ 36. Bxf2 Qf5 37. Qxf5 gxf5 38. Rh4 1-0

[Event "I Memorial Victorio Riego Prieto"]
[Site "?"]
[Date "2011.01.09"]
[Round "6.5"]
[White "Spata, German"]
[Black "Latorre, Manuel"]
[Result "1-0"]
[WhiteElo "2330"]
[BlackElo "2296"]
[PlyCount "81"]
[EventDate "2011.01.05"]
[SourceDate "2011.01.05"]

1. Nf3 Nf6 2. e3 g6 3. b3 Bg7 4. Bb2 c5 5. c4 O-O 6. Be2 Nc6 7. O-O d5 8. cxd5
Nxd5 9. Bxg7 Kxg7 10. Qc1 Qd6 11. Na3 e5 12. Qb2 f6 13. Rac1 Bd7 14. d3 Rac8
15. Nd2 b6 16. Rfd1 Be6 17. Nb5 Qd7 18. Ne4 a6 19. Nbd6 Rb8 20. a3 Rfd8 21. Qc2
Qe7 22. Nc4 Nc7 23. Qb2 Bg8 24. g4 Bd5 25. Ncd2 Ne6 26. Nc3 Qd7 27. Nxd5 Qxd5
28. Bf3 Qd7 29. Ne4 Rdc8 30. b4 cxb4 31. g5 bxa3 32. gxf6+ Kg8 33. Qxa3 Ncd8
34. Qxa6 Rxc1 35. Rxc1 h5 36. Qa3 Kf7 37. Qc3 Rb7 38. Qxe5 Rc7 39. Rxc7 Qxc7
40. Ng5+ Kg8 41. f7+ 1-0

[Event "I Memorial Victorio Riego Prieto"]
[Site "?"]
[Date "2011.01.10"]
[Round "6.6"]
[White "Brito, Luismar"]
[Black "Larrea, Manuel"]
[Result "1/2-1/2"]
[WhiteElo "2319"]
[BlackElo "2311"]
[PlyCount "51"]
[EventDate "2011.01.05"]
[SourceDate "2011.01.05"]

1. e4 c6 2. d4 d5 3. Nd2 dxe4 4. Nxe4 Bf5 5. Ng3 Bg6 6. h4 h6 7. Nh3 e6 8. Nf4
Bh7 9. Bc4 Nf6 10. c3 Bd6 11. O-O Bxf4 12. Bxf4 Nd5 13. Qg4 Nxf4 14. Qxf4 Nd7
15. Rfe1 O-O 16. Rad1 Nf6 17. Nf1 Nd5 18. Qg3 Qc7 19. Re5 Nb6 20. Bd3 Bxd3 21.
Qxd3 Nd7 22. Re2 Rad8 23. Qf3 Nf6 24. Ne3 Nd5 25. Nc4 Qf4 26. Qh3 1/2-1/2

[Event "I Memorial Victorio Riego Prieto"]
[Site "?"]
[Date "2011.01.11"]
[Round "7.1"]
[White "Larrea, Manuel"]
[Black "Villalba, Marcelo"]
[Result "0-1"]
[WhiteElo "2311"]
[BlackElo "2149"]
[PlyCount "118"]
[EventDate "2011.01.05"]
[SourceDate "2011.01.05"]

1. e4 c5 2. Nf3 Nc6 3. d4 cxd4 4. Nxd4 g6 5. Nc3 Bg7 6. Be3 Nf6 7. Bc4 O-O 8.
Bb3 a5 9. f3 d5 10. O-O Nxd4 11. Bxd4 dxe4 12. fxe4 a4 13. Nxa4 Rxa4 14. Bxa4
Bg4 15. Qd3 Be2 16. Qe3 Bxf1 17. Bxf6 Bxf6 18. e5 Bg5 19. Qxg5 Qd4+ 20. Kxf1 f6
21. Bb3+ Kg7 22. Qg3 fxe5+ 23. Ke2 Qe4+ 24. Kd2 Rd8+ 25. Kc1 Qe2 26. c4 Qf1+
27. Kc2 Qe2+ 28. Kc1 h6 29. Qc3 Rd3 30. Qb4 Qf1+ 31. Kc2 Qe2+ 32. Kc1 Rd7 33.
Qc3 Qf1+ 34. Kc2 Qxg2+ 35. Kb1 Qe4+ 36. Kc1 Qh1+ 37. Kc2 Qxa1 38. Qxe5+ Kh7 39.
Kc3 Qf1 40. Kb4 Qf6 41. Qb5 Qd6+ 42. c5 Qd2+ 43. Ka3 Qd4 44. Qc4 Qxc4 45. Bxc4
Kg7 46. Kb4 Rd2 47. Kc3 Rxh2 48. Bd5 Rh5 49. Kc4 Rxd5 50. Kxd5 h5 51. a4 Kf7
52. a5 Ke8 53. c6 Kd8 54. Kc5 Kc7 55. cxb7 Kxb7 56. b4 h4 57. b5 h3 58. a6+ Ka7
59. Kc6 h2 0-1

[Event "I Memorial Victorio Riego Prieto"]
[Site "?"]
[Date "2011.01.11"]
[Round "7.2"]
[White "Latorre, Manuel"]
[Black "Brito, Luismar"]
[Result "1/2-1/2"]
[WhiteElo "2296"]
[BlackElo "2319"]
[PlyCount "31"]
[EventDate "2011.01.05"]
[SourceDate "2011.01.05"]

1. d4 Nf6 2. Nf3 e6 3. c4 c5 4. d5 exd5 5. cxd5 Bd6 6. g3 O-O 7. Bg2 Re8 8. O-O
Qe7 9. Re1 Bc7 10. Nc3 d6 11. Nd2 Nbd7 12. Nc4 Ne5 13. Nxe5 Qxe5 14. e4 Bd7 15.
a4 Ba5 16. Bd2 1/2-1/2

[Event "I Memorial Victorio Riego Prieto"]
[Site "?"]
[Date "2011.01.10"]
[Round "7.3"]
[White "Kropff, Ricardo"]
[Black "Spata, German"]
[Result "0-1"]
[WhiteElo "2294"]
[BlackElo "2330"]
[PlyCount "72"]
[EventDate "2011.01.05"]
[SourceDate "2011.01.05"]

1. d4 e6 2. c4 d5 3. Nc3 c6 4. e4 dxe4 5. Nxe4 Bb4+ 6. Bd2 Bxd2+ 7. Qxd2 Nf6 8.
Nxf6+ Qxf6 9. Nf3 O-O 10. Bd3 Nd7 11. Qe3 c5 12. dxc5 Qxb2 13. O-O h6 14. Nd4
Qb4 15. c6 Nf6 16. Rab1 Qe7 17. Nf5 Qc7 18. Nxh6+ gxh6 19. Qxh6 Rd8 20. Rb5 e5
21. Qg5+ Kf8 22. Rxe5 Ng4 23. Rfe1 bxc6 24. Re7 Qxh2+ 25. Kf1 Qh1+ 26. Ke2 Qh6
27. Rxf7+ Kxf7 28. Qxd8 Qf6 29. Qc7+ Qe7+ 30. Qxe7+ Kxe7 31. Be4 Kd6 32. Rd1+
Kc7 33. f3 Ne5 34. c5 Ba6+ 35. Ke3 Rb8 36. Rd6 Nc4+ 0-1

[Event "I Memorial Victorio Riego Prieto"]
[Site "?"]
[Date "2011.01.11"]
[Round "7.4"]
[White "Guimaraes, Wagner Peixoto"]
[Black "Della Morte, German"]
[Result "0-1"]
[WhiteElo "2289"]
[BlackElo "2345"]
[PlyCount "60"]
[EventDate "2011.01.05"]
[SourceDate "2011.01.05"]

1. e4 d6 2. d4 Nf6 3. Nc3 g6 4. Bc4 c6 5. Qf3 Nbd7 6. Bf4 e5 7. dxe5 dxe5 8.
Bg5 b5 9. Rd1 bxc4 10. Rxd7 Bxd7 11. Qxf6 Qxf6 12. Bxf6 Rg8 13. Nf3 Rb8 14.
Nxe5 Rxb2 15. Nxc4 Rxc2 16. Kd1 Rxf2 17. Bd4 Rxg2 18. Bxa7 Bb4 19. Bd4 Be6 20.
Ne3 Rb2 21. Kc1 Bxc3 22. Bxc3 Rxa2 23. Rd1 f5 24. Rd6 Ke7 25. Rxc6 Rc8 26. Nd5+
Kf7 27. Nc7 Ra7 28. Nxe6 Rxc6 29. Nd8+ Ke8 30. Nxc6 Rc7 0-1

[Event "I Memorial Victorio Riego Prieto"]
[Site "?"]
[Date "2011.01.11"]
[Round "7.5"]
[White "Peralta, Eduardo"]
[Black "Vazquez, Guillermo"]
[Result "1-0"]
[WhiteElo "2270"]
[BlackElo "2168"]
[PlyCount "55"]
[EventDate "2011.01.05"]
[SourceDate "2011.01.05"]

1. d4 Nf6 2. Nf3 g6 3. c4 Bg7 4. Nc3 O-O 5. e4 d6 6. Be2 Bg4 7. O-O Nc6 8. Be3
Re8 9. d5 Bxf3 10. Bxf3 Ne5 11. Be2 e6 12. Rc1 exd5 13. cxd5 c5 14. dxc6 bxc6
15. Bg5 Qe7 16. f4 Ned7 17. Kh1 Nc5 18. b4 Ne6 19. Bh4 Qb7 20. b5 cxb5 21. f5
gxf5 22. exf5 Nc7 23. Bf3 Qb6 24. Bxa8 Rxa8 25. Bxf6 Bxf6 26. Ne4 Be5 27. Qg4+
Kh8 28. Ng5 1-0

[Event "I Memorial Victorio Riego Prieto"]
[Site "?"]
[Date "2011.01.11"]
[Round "7.6"]
[White "Valiente, Cristobal"]
[Black "Catelli, Hernan"]
[Result "1/2-1/2"]
[WhiteElo "2257"]
[BlackElo "2212"]
[PlyCount "47"]
[EventDate "2011.01.05"]
[SourceDate "2011.01.05"]

1. e4 e6 2. d4 d5 3. Nd2 c5 4. exd5 exd5 5. Ngf3 Nc6 6. Bb5 Bd6 7. O-O Nge7 8.
dxc5 Bxc5 9. Nb3 Bd6 10. Bg5 O-O 11. Bh4 Bg4 12. Re1 Re8 13. c3 Qb6 14. Bxe7
Bxe7 15. Qxd5 Red8 16. Qc4 Bxf3 17. Bxc6 bxc6 18. gxf3 Bd6 19. Re2 g6 20. Nd4
Bc5 21. Ne6 fxe6 22. Qxe6+ Kg7 23. Qe5+ Kg8 24. Qe6+ 1/2-1/2

[Event "I Memorial Victorio Riego Prieto"]
[Site "?"]
[Date "2011.01.11"]
[Round "8.1"]
[White "Villalba, Marcelo"]
[Black "Catelli, Hernan"]
[Result "0-1"]
[WhiteElo "2149"]
[BlackElo "2212"]
[PlyCount "98"]
[EventDate "2011.01.05"]
[SourceDate "2011.01.05"]

1. d4 Nf6 2. c4 g6 3. Nc3 Bg7 4. e4 d6 5. f3 O-O 6. Bg5 Nc6 7. Qd2 e5 8. d5 Nd4
9. Nge2 c5 10. Ng3 a6 11. Bd3 Rb8 12. O-O Qc7 13. Rf2 b5 14. Raf1 Bd7 15. h3
bxc4 16. Bb1 Bc8 17. Qc1 a5 18. Bh6 Nd7 19. Nd1 Ba6 20. Bxg7 Kxg7 21. Ne3 Qd8
22. Qc3 Qg5 23. Kh2 Qf4 24. Qxa5 Rb6 25. Qd2 h5 26. Nd1 c3 27. Nxc3 Bxf1 28.
Qxf4 exf4 29. Nxf1 Ne5 30. b3 c4 31. Rd2 Nb5 32. Ne2 Na3 33. Bc2 g5 34. Nd4 Kf6
35. Re2 c3 36. Rf2 Rc8 37. g3 Rb4 38. Nf5 Nxc2 39. Rxc2 Nxf3+ 40. Kh1 Ke5 41.
Ne7 Rbb8 42. Nc6+ Rxc6 43. dxc6 Kd4 44. a4 Kd3 45. Rc1 Nd2 46. Kg1 Nxb3 47.
Rd1+ Kc2 48. Re1 Kb2 49. e5 dxe5 0-1

[Event "I Memorial Victorio Riego Prieto"]
[Site "?"]
[Date "2011.01.11"]
[Round "8.2"]
[White "Vazquez, Guillermo"]
[Black "Valiente, Cristobal"]
[Result "1/2-1/2"]
[WhiteElo "2168"]
[BlackElo "2257"]
[PlyCount "76"]
[EventDate "2011.01.05"]
[SourceDate "2011.01.05"]

1. Nf3 Nf6 2. d4 d5 3. Bg5 Nbd7 4. Nbd2 g6 5. e3 Bg7 6. Bd3 O-O 7. O-O b6 8. e4
dxe4 9. Nxe4 Bb7 10. Re1 Nxe4 11. Bxe4 Bxe4 12. Rxe4 Nf6 13. Re2 Qd6 14. Qd2
Rfd8 15. Bf4 Qd7 16. Rae1 e6 17. Be5 Rac8 18. c4 c5 19. dxc5 Qxd2 20. Rxd2 Rxd2
21. Nxd2 bxc5 22. Kf1 Nd7 23. Bxg7 Kxg7 24. Ne4 Nf6 25. Nxf6 Kxf6 26. Rd1 Ke7
27. Ke2 Rb8 28. b3 a5 29. Kd3 Rd8+ 30. Kc2 Rd4 31. Rxd4 cxd4 32. f4 f6 33. Kd3
e5 34. a3 Kd6 35. b4 axb4 36. axb4 Kc6 37. Ke4 Kd6 38. g4 g5 1/2-1/2

[Event "I Memorial Victorio Riego Prieto"]
[Site "?"]
[Date "2011.01.11"]
[Round "8.3"]
[White "Della Morte, German"]
[Black "Peralta, Eduardo"]
[Result "1-0"]
[WhiteElo "2345"]
[BlackElo "2270"]
[PlyCount "83"]
[EventDate "2011.01.05"]
[SourceDate "2011.01.05"]

1. e4 c5 2. Nf3 Nc6 3. d4 cxd4 4. Nxd4 g6 5. c4 Bg7 6. Be3 Nf6 7. Nc3 O-O 8.
Be2 d6 9. O-O Nxd4 10. Bxd4 Be6 11. Rc1 Qa5 12. f4 Rfc8 13. b3 a6 14. Bf3 Rab8
15. e5 Ne8 16. Qe2 b5 17. Nd5 Bxd5 18. cxd5 Rxc1 19. Rxc1 Qb4 20. Qb2 Bh6 21.
a3 Qa5 22. g3 b4 23. a4 dxe5 24. Bxe5 Nd6 25. Rc6 Rd8 26. Bd4 Rb8 27. Qe2 Qd8
28. Qxa6 g5 29. fxg5 Bxg5 30. Be5 Rb6 31. Qd3 Ne8 32. Bc7 Nxc7 33. Rxb6 e6 34.
Rxb4 exd5 35. Bd1 Ne6 36. Bc2 Qc7 37. Rb5 Qe5 38. Rxd5 Qe1+ 39. Kg2 Be3 40. Qf1
Qc3 41. Qe2 Bb6 42. Qd2 1-0

[Event "I Memorial Victorio Riego Prieto"]
[Site "?"]
[Date "2011.01.11"]
[Round "8.4"]
[White "Spata, German"]
[Black "Guimaraes, Wagner Peixoto"]
[Result "0-1"]
[WhiteElo "2330"]
[BlackElo "2289"]
[PlyCount "114"]
[EventDate "2011.01.05"]
[SourceDate "2011.01.05"]

1. Nf3 Nf6 2. c4 g6 3. d4 Bg7 4. Nc3 d5 5. Bg5 c6 6. e3 O-O 7. Qb3 dxc4 8. Bxc4
b5 9. Be2 Be6 10. Qc2 b4 11. Na4 Qa5 12. O-O Bf5 13. Qd1 h6 14. Bh4 g5 15. Bg3
Ne4 16. Rc1 Nd7 17. b3 Rac8 18. Bd3 c5 19. Qc2 cxd4 20. Qxc8 Rxc8 21. Rxc8+ Nf8
22. Bc7 Qd5 23. Rd8 Qc6 24. Ba5 Nd2 25. e4 Nxf1 26. exf5 g4 27. Nxd4 Bxd4 28.
Bxf1 Be5 29. g3 Bd6 30. Nb2 Qc2 31. Nc4 Bc5 32. Rd2 Qxf5 33. Bd3 Qg5 34. Be4
Ne6 35. Kg2 Qf6 36. Ba8 h5 37. Bd5 h4 38. Bxe6 h3+ 39. Kf1 fxe6 40. Bc7 Qf3 41.
Ne5 Qg2+ 42. Ke2 Qxf2+ 43. Kd1 Qf1+ 44. Kc2 Qf5+ 45. Nd3 Be3 46. Re2 Qf3 47.
Kd1 Bb6 48. Ne1 Qf5 49. Bf4 Bd4 50. Nc2 Qd3+ 51. Bd2 Bc3 52. Rf2 e5 53. Kc1 a5
54. Ne1 Qd4 55. Re2 Bxd2+ 56. Rxd2 Qa1+ 57. Kc2 Qxe1 0-1

[Event "I Memorial Victorio Riego Prieto"]
[Site "?"]
[Date "2011.01.11"]
[Round "8.5"]
[White "Brito, Luismar"]
[Black "Kropff, Ricardo"]
[Result "1/2-1/2"]
[WhiteElo "2319"]
[BlackElo "2294"]
[PlyCount "86"]
[EventDate "2011.01.05"]
[SourceDate "2011.01.05"]

1. e4 c5 2. Nf3 d6 3. d4 cxd4 4. Nxd4 Nf6 5. Nc3 a6 6. Bg5 e6 7. f4 Be7 8. Qf3
Qc7 9. O-O-O Nbd7 10. Bd3 h6 11. Bh4 g5 12. e5 gxh4 13. exf6 Nxf6 14. f5 e5 15.
Nde2 Bd7 16. Be4 Bc6 17. Nd5 Bxd5 18. Bxd5 Rc8 19. Nc3 b5 20. Bb3 Rg8 21. Kb1
Qc6 22. Nd5 Nxd5 23. Rxd5 a5 24. c3 a4 25. Bc2 b4 26. c4 Qxc4 27. Bxa4+ Kf8 28.
f6 Bxf6 29. Rf1 Rg6 30. Bb3 e4 31. Qf5 Qc7 32. Qxe4 Qe7 33. Qf3 Rc5 34. Bc2
Rxd5 35. Qxd5 Rg5 36. Qd2 Qe5 37. Bb3 Kg7 38. Rf4 Qc5 39. Qf2 Qe5 40. Bd1 Qd5
41. Qf3 Qe5 42. Qf2 Qd5 43. Qf3 Qe5 1/2-1/2

[Event "I Memorial Victorio Riego Prieto"]
[Site "?"]
[Date "2011.01.11"]
[Round "8.6"]
[White "Larrea, Manuel"]
[Black "Latorre, Manuel"]
[Result "1-0"]
[WhiteElo "2311"]
[BlackElo "2296"]
[PlyCount "81"]
[EventDate "2011.01.05"]
[SourceDate "2011.01.05"]

1. e4 e6 2. d4 d5 3. Nc3 Nf6 4. e5 Nfd7 5. f4 c5 6. Nf3 Nc6 7. dxc5 Bxc5 8. Bd3
a6 9. Bd2 b5 10. Qe2 Nb6 11. a4 b4 12. Nd1 f5 13. Nf2 O-O 14. O-O Bb7 15. h3 d4
16. Kh2 Ne7 17. Rg1 a5 18. g4 Nbd5 19. Ng5 Qd7 20. gxf5 Nxf5 21. Nfe4 Be7 22.
Nxh7 Rf7 23. Qh5 Ba6 24. Nhg5 Bxg5 25. Nxg5 Bxd3 26. Qh7+ Kf8 27. Qh8+ Ke7 28.
Qxa8 Bxc2 29. Qxa5 b3 30. Qc5+ Ke8 31. Nxf7 Kxf7 32. a5 Qd8 33. Rg5 Qa8 34. a6
Be4 35. a7 Nde7 36. Bb4 Nd5 37. Qf8+ Qxf8 38. Bxf8 Nb6 39. Bc5 Na8 40. Rxf5+
Bxf5 41. Bxd4 1-0

[Event "I Memorial Victorio Riego Prieto"]
[Site "?"]
[Date "2011.01.12"]
[Round "9.1"]
[White "Latorre, Manuel"]
[Black "Villalba, Marcelo"]
[Result "1-0"]
[WhiteElo "2296"]
[BlackElo "2149"]
[PlyCount "103"]
[EventDate "2011.01.05"]
[SourceDate "2011.01.05"]

1. Nf3 Nf6 2. g3 g6 3. Bg2 Bg7 4. O-O O-O 5. c4 d6 6. Nc3 Nc6 7. d3 e5 8. Rb1
h6 9. b4 Be6 10. b5 Ne7 11. Nd2 d5 12. Ba3 Re8 13. Qb3 dxc4 14. Nxc4 Nfd5 15.
Ne4 b6 16. Bb2 Nf5 17. Bxe5 f6 18. Bb2 a6 19. a4 axb5 20. axb5 Rb8 21. Ned2 Nd6
22. e4 Ne7 23. Qb4 Nb7 24. d4 Bf7 25. d5 Nc5 26. Bd4 f5 27. Bxg7 Kxg7 28. f3
Ra8 29. Ra1 Kg8 30. Qc3 Qd7 31. Rxa8 Rxa8 32. Qf6 Rf8 33. Ne5 Qe8 34. Nxf7 Rxf7
35. Qb2 Nxd5 36. exd5 Qe3+ 37. Kh1 Nd3 38. Nc4 Qc5 39. Qc2 Qxd5 40. f4 Qd4 41.
Ne5 Nxe5 42. fxe5 Qxe5 43. Qc4 Kg7 44. Bc6 h5 45. Rd1 Rf6 46. Qf4 Qe2 47. Rd7+
Kg8 48. Rd8+ Kg7 49. Qxc7+ Rf7 50. Qf4 Ra7 51. Qd4+ Kf7 52. Be8+ 1-0

[Event "I Memorial Victorio Riego Prieto"]
[Site "?"]
[Date "2011.01.13"]
[Round "9.2"]
[White "Kropff, Ricardo"]
[Black "Larrea, Manuel"]
[Result "1-0"]
[WhiteElo "2294"]
[BlackElo "2311"]
[PlyCount "61"]
[EventDate "2011.01.05"]
[SourceDate "2011.01.05"]

1. d4 Nf6 2. c4 e6 3. Nf3 d5 4. Nc3 Be7 5. Bg5 O-O 6. e3 h6 7. Bxf6 Bxf6 8. Qd2
c6 9. O-O-O Nd7 10. h4 Re8 11. g4 g6 12. g5 hxg5 13. hxg5 Bg7 14. e4 b6 15. Qf4
c5 16. cxd5 e5 17. dxe5 Nxe5 18. Bb5 Qd6 19. Nxe5 Bxe5 20. Qh4 Rd8 21. Kb1 a6
22. Bc6 Ra7 23. f4 Bg7 24. Ka1 Qb8 25. f5 gxf5 26. Qh7+ Kf8 27. exf5 f6 28. d6
Rxd6 29. Bd5 Rxd5 30. Rxd5 Bb7 31. Rd7 1-0

[Event "I Memorial Victorio Riego Prieto"]
[Site "?"]
[Date "2011.01.12"]
[Round "9.3"]
[White "Guimaraes, Wagner Peixoto"]
[Black "Brito, Luismar"]
[Result "1-0"]
[WhiteElo "2289"]
[BlackElo "2319"]
[PlyCount "71"]
[EventDate "2011.01.05"]
[SourceDate "2011.01.05"]

1. e4 c5 2. Nf3 d6 3. d4 cxd4 4. Nxd4 Nf6 5. Nc3 a6 6. Bg5 e6 7. f4 Be7 8. Qf3
Qc7 9. O-O-O h6 10. Bh4 Nbd7 11. f5 Ne5 12. Qh3 Nfg4 13. Be2 Bxh4 14. Bxg4 Qe7
15. Be2 O-O 16. Rhf1 Bd7 17. Kb1 b5 18. Bg4 Nxg4 19. Qxg4 Bf6 20. Nce2 e5 21.
Nf3 b4 22. Ng3 Rfc8 23. Rf2 Ba4 24. Rfd2 Rc6 25. Nf1 Qa7 26. Ng3 Kf8 27. Nh5
Ke7 28. Qh3 Qe3 29. Nxe5 Rc3 30. Qxe3 Rxe3 31. Nxf6 gxf6 32. Nc4 Rxe4 33. Nb6
Rb8 34. Nxa4 Rb5 35. Rxd6 Rxf5 36. R6d2 1-0